Gramática quechua: San Martín
Sparad:
| Huvudupphovsmän: | , , |
|---|---|
| Materialtyp: | Bok |
| Språk: | spanska |
| Publicerad: |
Lima
Ministerio de Educación
1976
|
| Ämnen: | |
| Taggar: |
Lägg till en tagg
Inga taggar, Lägg till första taggen!
|
MARC
| LEADER | 00000nam a2200000 a 4500 | ||
|---|---|---|---|
| 001 | UCQ3687 | ||
| 003 | CL-VaPUC | ||
| 008 | 980821e19760000PE |||||||||||||||||spa|d | ||
| 082 | 0 | 4 | |a 498.323 |b COO |2 21 |
| 100 | 0 | |a Coombs, David |e author |9 417949 | |
| 700 | 0 | |a Coombs, Heidi |e author |9 417950 | |
| 700 | 0 | |a Weber, Robert |e author |9 417951 | |
| 245 | 1 | 0 | |a Gramática quechua: San Martín |
| 300 | |a 222 p | ||
| 942 | |c BK | ||
| 945 | |d 19980821 00:00:00 |a crobeson | ||
| 260 | |a Lima |b Ministerio de Educación |c 1976 | ||
| 650 | 7 | |a QUECHUA |2 CL-VaPUC |9 316681 | |
| 650 | 0 | |a Gramática |9 270497 | |
| 650 | 0 | |a Fonología |9 341074 | |
| 583 | |a last modification |c 19980821 00:00:00 |k Rodrigo Vera | ||
| 999 | |c 274203 |d 274201 | ||
| 952 | |0 0 |1 0 |4 0 |6 498_323000000000000_COO_1976 |7 0 |8 X |9 310315 |a BIBEDU |b BIBEDU |d 2019-11-20 |i 145708K |o 498.323 COO 1976 |p 145708K |r 2019-11-20 |w 2019-11-20 |y BK_X |k LIT | ||
| 952 | |0 0 |1 0 |4 0 |6 498_323000000000000_COO_1976 |7 0 |8 A |9 310316 |a FDOPOS |b FDOPOS |d 2019-11-20 |i 3707415 |o 498.323 COO 1976 |p 3707415 |r 2025-01-22 |w 2019-11-20 |y BK |k MLA | ||